000 00609nam a22001577a 4500
005 20120320132210.0
020 _a8175362707
_c250.00
035 _aB-107305
037 _aDPL
_bENG
100 _aBhatt, S.R.
_943987
245 _aBuddhist sects and philosohies :
_bCollection of articles from the Indian Historical quarterly /
_cIntroduction by S.R. Bhatt
260 _aDelhi
_bOriginals
_c2003
300 _axiv, 242p.
_c22 cms.
942 _2ddc
_cEN
_h181.493
_mBUD
999 _c64176
_d64176